| 000 | 00473nam a22001697a 4500 | ||
|---|---|---|---|
| 999 |
_c535571 _d535571 |
||
| 020 | _a978-0-13-348596-7 | ||
| 082 |
_a624.18341 _bWIG |
||
| 100 | _aWight, James K. | ||
| 245 |
_aReinforced concrete mechanics and design / _cJames K. Wight |
||
| 250 | _a7th | ||
| 260 |
_aIndia : _bPearson, _c2016. |
||
| 300 | _a1342 p. ; | ||
| 942 |
_2ddc _cBK |
||
| 650 |
_aConcrete - Engineering _918385 |
||